|
|
|
|
| LEADER |
00760nam a2200193 a 4500 |
| 001 |
22042 |
| 008 |
090702s1989 enk 000 0 eng d |
| 010 |
|
|
|a 88045961
|
| 040 |
|
|
|a DLC
|c DLC
|d DLC
|
| 082 |
0 |
4 |
|a 808.83
|2 20
|
| 100 |
1 |
|
|a Huxley, Aldous.
|
| 245 |
1 |
0 |
|a Island /
|c Aldous Huxley.
|
| 260 |
|
|
|a Middlesex, England :
|b Penguin Books,
|c 1989.
|
| 300 |
|
|
|a 295 p. :
|c 17cm.
|
| 541 |
1 |
|
|e 00004530
|
| 650 |
|
0 |
|a English Fiction
|v Short stories
|
| 852 |
4 |
|
|a Ayesha Abed Library
|j General shelf
|
| 999 |
|
|
|c 2004
|d 2004
|
| 952 |
|
|
|0 0
|1 0
|2 ddc
|4 1
|6 808_830000000000000_HUX_1962
|7 0
|9 1841
|a BRACUL
|b BRACUL
|c GEN
|d 2009-07-05
|g 0.00
|l 2
|m 2
|o 808.83 HUX
|p 3010004530
|r 2018-12-23
|s 2018-12-12
|t 1
|w 2009-07-05
|y BK
|x No price found in the accession register ; Permanently damaged not repairable
|